书目信息 |
| 题名: |
油气储运安全技术
|
|
| 作者: | 梁法春 , 陈婧 , 寇杰 主编 | |
| 分册: | ||
| 出版信息: | 北京 中国石化出版社 2017.6 |
|
| 页数: | 402页 | |
| 开本: | 26cm | |
| 丛书名: | ||
| 单 册: | ||
| 中图分类: | TE8 | |
| 科图分类: | ||
| 主题词: | 石油与天然气储运--高等学校--教材 | |
| 电子资源: | ||
| ISBN: | 978-7-5114-4372-4 | |
| 000 | 01164nam0 2200277 450 | |
| 001 | 0400004261 | |
| 005 | 20171023163900.0 | |
| 010 | @a978-7-5114-4372-4@dCNY48.00 | |
| 100 | @a20170905d2017 em y0chiy50 ea | |
| 101 | 0 | @achi |
| 102 | @aCN@b110000 | |
| 105 | @aa az 000yy | |
| 106 | @ar | |
| 200 | 1 | @a油气储运安全技术@9you qi chu yun an quan ji shu@f梁法春,陈婧,寇杰主编 |
| 210 | @a北京@c中国石化出版社@d2017.6 | |
| 215 | @a402页@c图@d26cm | |
| 300 | @a普通高等教育“十三五”规划教材 | |
| 320 | @a有书目(第401-402页) | |
| 330 | @a本书较全面介绍了油气储运各个环节的危险辨识、风险评价以及危险控制方法。全书内容共8章,阐述了储运系统常见事故类型及油气危险性表征、燃烧和爆炸基本理论、油气泄漏与扩散、油气储运工程安全设计与管理技术、油气储运安全动火及应急抢维修技术、油气储运灭火实战技术、安全评价及事故预测基本方法、油气储运安全装备,附录给出了油气储运常见介质的危险特性以及油气储运相关安全标准和规范。 | |
| 606 | 0 | @a石油与天然气储运@x高等学校@j教材 |
| 690 | @aTE8@v5 | |
| 701 | 0 | @a梁法春@9liang fa chun@4主编 |
| 701 | 0 | @a陈婧@9chen jing@4主编 |
| 701 | 0 | @a寇杰@9kou jie@4主编 |
| 801 | 0 | @aCN@b91MARC@c20171023 |
| 905 | @b1028206-10@dTE8@f5@e62 | |
| 油气储运安全技术/梁法春,陈婧,寇杰主编.-北京:中国石化出版社,2017.6 |
| 402页:图;26cm |
| 普通高等教育“十三五”规划教材 |
| ISBN 978-7-5114-4372-4:CNY48.00 |
| 本书较全面介绍了油气储运各个环节的危险辨识、风险评价以及危险控制方法。全书内容共8章,阐述了储运系统常见事故类型及油气危险性表征、燃烧和爆炸基本理论、油气泄漏与扩散、油气储运工程安全设计与管理技术、油气储运安全动火及应急抢维修技术、油气储运灭火实战技术、安全评价及事故预测基本方法、油气储运安全装备,附录给出了油气储运常见介质的危险特性以及油气储运相关安全标准和规范。 |
| ● |
| 相关链接 |
|
|
|
|
正题名:油气储运安全技术
索取号:TE8/62
 
预约/预借
| 序号 | 登录号 | 条形码 | 馆藏地/架位号 | 状态 | 备注 |
| 1 | 1028206 | 210282068 | 第二样本阅览室/ [索取号:TE8/62] | 在馆 | |
| 2 | 1028207 | 210282077 | 第三借阅区/ [索取号:TE8/62] | 在馆 | |
| 3 | 1028208 | 210282086 | 第三借阅区/ [索取号:TE8/62] | 在馆 | |
| 4 | 1028209 | 210282095 | 第三借阅区/ [索取号:TE8/62] | 在馆 | |
| 5 | 1028210 | 210282102 | 密集书库-生命科学系/ [索取号:TE8/62] | 在馆 |